[Event "Bavaria-ch 94th"]
[Site "Rosenheim"]
[Date "2023.08.24"]
[Round "7"]
[White "Fuchs, Michael"]
[Black "Bratu, Mircea"]
[Result "1/2-1/2"]
[WhiteElo "1988"]
[BlackElo "1891"]
[PlyCount "73"]
[EventDate "2023.08.20"]
[EventType "tourn"]
[EventRounds "9"]
[EventCountry "GER"]
[SourceTitle "CBM 215 Extra"]
[Source "ChessBase"]
[SourceDate "2023.09.30"]
[SourceVersion "1"]
[SourceVersionDate "2023.09.30"]
[SourceQuality "1"]

1. e4 e5 2. Nf3 Nc6 3. d4 exd4 4. Bc4 Bc5 5. Ng5 Nh6 6. Nxf7 Nxf7 7. Bxf7+ Kxf7 8. Qh5+ g6 9. Qxc5 d6 10. Qb5 d5 11. 0-0 dxe4 12. Bg5 a6 13. Qb3+ Be6 14. Qg3 Qd6 15. Bf4 Qd5 16. Nd2 Rhe8 17. c4 Qf5 18. Bxc7 Kg8 19. Rfe1 Bf7 20. f3 e3 21. Ne4 Bxc4 22. Nd6 Qe6 23. Nxe8 Rxe8 24. b3 Bd5 25. Qd6 d3 26. Qxe6+ Rxe6 27. Bf4 e2 28. Rac1 Nb4 29. Rc5 b6 30. Rc8+ Kf7 31. Rc7+ Re7 32. Rxe7+ Kxe7 33. Bd2 Nc2 34. Kf2 Nxe1 35. Bxe1 a5 36. Ke3 a4 37. Kxd3 1/2-1/2

[Event "Bavaria-ch 94th"]
[Site "Rosenheim"]
[Date "2023.08.22"]
[Round "4"]
[White "Kraemer, Max"]
[Black "Bratu, Mircea"]
[Result "1/2-1/2"]
[WhiteElo "2044"]
[BlackElo "1891"]
[PlyCount "75"]
[EventDate "2023.08.20"]
[EventType "tourn"]
[EventRounds "9"]
[EventCountry "GER"]
[SourceTitle "CBM 215 Extra"]
[Source "ChessBase"]
[SourceDate "2023.09.30"]
[SourceVersion "1"]
[SourceVersionDate "2023.09.30"]
[SourceQuality "1"]

1. e4 c5 2. Nf3 Nc6 3. d4 cxd4 4. Nxd4 Nf6 5. Nc3 e5 6. Ndb5 d6 7. Bg5 a6 8. Na3 b5 9. Nd5 Be7 10. Bxf6 Bxf6 11. c3 Ne7 12. Nxe7 Bxe7 13. Bd3 Bb7 14. 0-0 d5 15. Qg4 0-0 16. Nc2 Qc8 17. Qxc8 Rfxc8 18. Rfe1 f6 19. exd5 Bxd5 20. Ne3 Bf7 21. Be4 Rab8 22. Bd5 b4 23. c4 Bc5 24. b3 Bd4 25. Rad1 Bxd5 26. Nxd5 Kf7 27. g4 a5 28. Kg2 Rb7 29. f4 a4 30. fxe5 Bxe5 31. Rd3 axb3 32. axb3 Ra8 33. Re2 Ra3 34. Rf3 Bc3 35. Rc2 Rxb3 36. Nxc3 Rxc3 37. Rcxc3 bxc3 38. Rxc3 1/2-1/2

[Event "Bayern-ch 92th"]
[Site "Lichtenfels"]
[Date "2021.08.23"]
[Round "3"]
[White "Bratu, Mircea"]
[Black "Grosshans, Ralf Michael"]
[Result "0-1"]
[WhiteElo "1715"]
[BlackElo "2046"]
[PlyCount "110"]
[EventDate "2021.08.22"]
[EventType "swiss"]
[EventRounds "9"]
[EventCountry "GER"]
[SourceTitle "EXT 2023"]
[Source "ChessBase"]
[SourceDate "2022.10.05"]
[SourceVersion "1"]
[SourceVersionDate "2022.10.05"]
[SourceQuality "1"]

1. c4 Nf6 2. Nc3 e5 3. g3 h5 4. h4 d5 5. cxd5 Nxd5 6. Bg2 Nxc3 7. bxc3 Bc5 8. d3 c6 9. Bb2 Bxf2+ 10. Kxf2 Qb6+ 11. d4 Qxb2 12. Qc1 Qxc1 13. Rxc1 Nd7 14. Nf3 exd4 15. cxd4 Nf6 16. Ne5 0-0 17. Rhe1 Rd8 18. Rb1 Nd5 19. Rec1 f6 20. Nc4 Nb6 21. e3 Nxc4 22. Rxc4 a5 23. a4 Ra7 24. Ke2 Be6 25. Rc5 g6 26. Kd3 f5 27. e4 Rd6 28. e5 Rd7 29. Rb6 Kf7 30. Bxc6 bxc6 31. Rcxc6 Re7 32. Rd6 Rad7 33. d5 Bxd5 34. Rf6+ Ke8 35. Rb8+ Rd8 36. Rf8+ Kxf8 37. Rxd8+ Kf7 38. Rxd5 Rb7 39. Rb5 Rd7+ 40. Kc4 Rd1 41. Rd5 Rg1 42. Rd3 Ke6 43. Rd6+ Kxe5 44. Rxg6 Rb1 45. Rh6 Rb4+ 46. Kc3 Rxa4 47. Rxh5 Ra3+ 48. Kc4 Rxg3 49. Kb5 Rh3 50. Kxa5 Ke4 51. Kb4 f4 52. Kc4 f3 53. Rh8 f2 54. Re8+ Kf3 55. Rf8+ Kg2 0-1

[Event "Bayern-ch 92th"]
[Site "Lichtenfels"]
[Date "2021.08.23"]
[Round "2"]
[White "Reimann, Sebastian"]
[Black "Bratu, Mircea"]
[Result "1-0"]
[WhiteElo "2213"]
[BlackElo "1715"]
[PlyCount "161"]
[EventDate "2021.08.22"]
[EventType "swiss"]
[EventRounds "9"]
[EventCountry "GER"]
[SourceTitle "EXT 2023"]
[Source "ChessBase"]
[SourceDate "2022.10.05"]
[SourceVersion "1"]
[SourceVersionDate "2022.10.05"]
[SourceQuality "1"]

1. e4 c5 2. Nc3 Nc6 3. Nge2 g6 4. d4 cxd4 5. Nxd4 Bg7 6. Be3 d6 7. Qd2 Nf6 8. f3 0-0 9. Bc4 Bd7 10. 0-0-0 Rc8 11. Bb3 Ne5 12. h4 h5 13. Kb1 Nc4 14. Bxc4 Rxc4 15. b3 Rc8 16. Nde2 Re8 17. Bd4 Qa5 18. Nd5 Qxd2 19. Nxf6+ Bxf6 20. Rxd2 Bxd4 21. Rxd4 a5 22. Rhd1 Rc5 23. Rd5 Rec8 24. R1d2 Rxd5 25. exd5 b5 26. Kb2 Kg7 27. c3 Kf6 28. Nd4 Rc5 29. Nc2 Ke5 30. Re2+ Kf6 31. Ne3 Bc8 32. Rd2 Rc7 33. Rd4 Bd7 34. a3 Rc8 35. Rf4+ Kg7 36. c4 b4 37. axb4 axb4 38. Nc2 Rb8 39. Re4 Kf6 40. Re1 e6 41. dxe6 fxe6 42. Rd1 Ke7 43. Ra1 e5 44. Ra7 Ke6 45. Ra6 Ke7 46. Ra7 Ke6 47. Ne3 Bc6 48. Rg7 Kf6 49. Rc7 Rb6 50. Rc8 Ke6 51. Nc2 Bd7 52. Rg8 Kf7 53. Ra8 Ke6 54. Ne3 Bc6 55. Ra5 Bb7 56. Kc2 Bc6 57. Kd3 Rb8 58. Ra6 Kd7 59. Kd2 Kc7 60. Ra7+ Rb7 61. Rxb7+ Bxb7 62. Nc2 d5 63. Nxb4 dxc4 64. bxc4 Kd6 65. Kd3 Kc5 66. Nc2 Bc8 67. Ne3 Be6 68. Ke4 Kd6 69. c5+ Kxc5 70. Kxe5 Ba2 71. g3 Bb1 72. Nd5 Kc4 73. Nf4 Bc2 74. Kf6 Kd4 75. Nxg6 Ke3 76. Ne5 Kf2 77. g4 Kg3 78. gxh5 Kxh4 79. h6 Kh5 80. Kg7 Kg5 81. f4+ 1-0